| 000 | 00615nam a22001697a 4500 | ||
|---|---|---|---|
| 005 | 20120501152529.0 | ||
| 020 |
_a818656280X _c00.00 |
||
| 035 | _aB-30983 | ||
| 037 |
_aDPL _bENG |
||
| 245 |
_aPerspectives on Human rights / _cedited by Abdulrahim P. Vijapur and Kumar Suresh |
||
| 260 |
_aNew Delhi _bManak Publications _c1999 |
||
| 300 |
_axii, 402p. _c18 cms. |
||
| 700 |
_aVijapur, Abdulrahim P. _946152 |
||
| 700 |
_aKumar Suresh _946153 |
||
| 942 |
_2ddc _cEN _h323 _mPER |
||
| 999 |
_c65925 _d65925 |
||